Meranie a vyhodnotenie spektrálnych charakteristík optoelektronických prvkov
Gespeichert in:
| 1. Verfasser: | |
|---|---|
| Weitere Verfasser: | |
| Format: | Manuskript Buch |
| Sprache: | Slowakisch |
| Veröffentlicht: |
Bratislava :
STU v Bratislave FEI,
2010
|
| Schlagworte: | |
| Online-Zugang: | VAIS |
| Tags: |
Keine Tags, Fügen Sie das erste Tag hinzu!
|
MARC
| LEADER | 00000ntm a22000003a 4500 | ||
|---|---|---|---|
| 001 | stu209122 | ||
| 005 | 20150617230104.4 | ||
| 008 | 100818s2010------------------------slo-d | ||
| 040 | |a STU |b slo | ||
| 041 | 0 | |a slo | |
| 100 | 1 | |a Guldan, Martin, |d 1987- |4 aut |u E |T FEI Fakulta elektrotechniky a informatiky |X 28560 |U E |Y 30 |7 A000028560 | |
| 242 | 0 | 0 | |a OPTOELECTRONIC DEVICES SPECTRAL CHARACTERISTICS MEASUREMENT AND DATA EVALUATION |y eng |
| 245 | 1 | |a Meranie a vyhodnotenie spektrálnych charakteristík optoelektronických prvkov | |
| 260 | |a Bratislava : |b STU v Bratislave FEI, |c 2010 | ||
| 300 | |a 50 s | ||
| 650 | 7 | |a Mikroelektronika |2 stusub | |
| 650 | 7 | |a spektrometria |2 stusub | |
| 650 | 7 | |a optoelektronické prvky |2 stusub | |
| 700 | 1 | |a Kováč, Jaroslav, |d 1947- |4 ths |u E030 |U FEI Fakulta elektrotechniky a informatiky |T FEI Ústav elektroniky a fotoniky |X 2102 |U E030 |Y 549 |7 A000002102 | |
| 856 | 4 | |a info a plný text |u http://is.stuba.sk/zp/portal_zp.pl?podrobnosti=61378 |3 VAIS | |